01670nam a2200361 a 4500001001200000003000800012006001900020007001500039008004100054020001800095040002100113035002100134043002100155050002400176100002100200245017300221260005500394300003800449490008000487490003300567504004100600533015200641650003300793651002300826651004700849655002900896700002300925700003200948710001700980830008200997830010301079856012601182ebr10294406CaPaEBRm u cr cn|||||||||760625s1960 utuab sb 000 0 eng d z9781607818724 aCaPaEBRcCaPaEBR a(OCoLC)647755522 an-us-utan-us-az14aF832.G5bL57 1960eb1 aLipe, William D.10a1959 excavations, Glen Canyon areah[electronic resource] /cby William D. Lipe ... [et al.] ; with appendix by Christy G. Turner, II ; and an addendum by Dee Ann Suhm. aSalt Lake City :bUniversity of Utah Press,c1960. axii, 238, iv, 19 p. :bill., map.1 aUniversity of Utah. Dept. of Anthropology. Anthropological papers ;vno. 491 aGlen Canyon series ;vno. 13 aIncludes bibliographical references. aElectronic reproduction.bPalo Alto, Calif. :cebrary,d2013.nAvailable via World Wide Web.nAccess may be limited to ebrary affiliated libraries. 0aPueblo IndiansxAntiquities. 0aUtahxAntiquities. 0aGlen Canyon (Utah and Ariz.)xAntiquities. 7aElectronic books.2local1 aTurner, Christy G.1 aStory, Dee Ann,d1931-2010.2 aebrary, Inc. 0aAnthropological papers (University of Utah. Dept. of Anthropology) ;vno. 49. 0aAnthropological papers (University of Utah. Dept. of Anthropology).pGlen Canyon series ;vno. 13.40uhttp://site.ebrary.com/lib/rucke/Doc?id=10294406zAn electronic book accessible through the World Wide Web; click to view